[Event "Mittelfranken Landesliga Nord 2122"]
[Site "Mittelfranken"]
[Date "2022.05.15"]
[Round "5.5"]
[White "Oechslein, Rainer"]
[Black "Zoeller, Bernd"]
[Result "1/2-1/2"]
[WhiteElo "1992"]
[BlackElo "1859"]
[PlyCount "40"]
[EventDate "2021.10.24"]
[EventType "team-tourn"]
[EventRounds "9"]
[EventCountry "GER"]
[SourceTitle "EXT 2024"]
[Source "ChessBase"]
[SourceDate "2023.10.10"]
[SourceVersion "1"]
[SourceVersionDate "2023.10.10"]
[SourceQuality "1"]
[WhiteTeam "Schweinfurt"]
[BlackTeam "Klingenberg"]
[WhiteTeamCountry "GER"]
[BlackTeamCountry "GER"]

1. e4 Nf6 2. e5 Nd5 3. d4 d6 4. Nf3 Bg4 5. Be2 e6 6. 0-0 Be7 7. Re1 0-0 8. Nbd2 Nc6 9. Nf1 Bxf3 10. Bxf3 dxe5 11. dxe5 Bc5 12. c3 a5 13. Qe2 Qc8 14. Ne3 Nxe5 15. Bxd5 exd5 16. Nxd5 Ng6 17. Be3 Re8 18. Qc4 Bd6 19. Rad1 Ne5 20. Qh4 Qg4 1/2-1/2

[Event "Landesliga Nord 1920"]
[Site "Bayern"]
[Date "2020.03.01"]
[Round "7.5"]
[White "Mittag, Ralf"]
[Black "Oechslein, Rainer"]
[Result "0-1"]
[WhiteElo "1992"]
[BlackElo "2126"]
[PlyCount "128"]
[EventDate "2019.09.29"]
[EventType "team-tourn"]
[EventRounds "9"]
[EventCountry "GER"]
[SourceTitle "EXT 2021"]
[Source "ChessBase"]
[SourceDate "2020.10.23"]
[SourceVersion "1"]
[SourceVersionDate "2020.10.23"]
[SourceQuality "1"]
[WhiteTeam "Bamberg SC"]
[BlackTeam "Schweinfurt"]
[WhiteTeamCountry "GER"]
[BlackTeamCountry "GER"]

1. e4 c5 2. Nf3 a6 3. g3 Nc6 4. Bg2 g6 5. 0-0 Bg7 6. Re1 d6 7. d3 e6 8. Nbd2 Nge7 9. Nf1 0-0 10. h4 Rb8 11. Rb1 b5 12. Be3 e5 13. Qc1 a5 14. Bh6 a4 15. Bxg7 Kxg7 16. Ne3 f6 17. c3 Be6 18. b3 d5 19. exd5 Nxd5 20. Nxd5 Bxd5 21. bxa4 bxa4 22. Qa3 Qd6 23. Rxb8 Rxb8 24. Qxa4 Ne7 25. d4 cxd4 26. cxd4 e4 27. Nd2 Ra8 28. Qd1 f5 29. a4 Qb4 30. Nf1 Rxa4 31. Ne3 Qxd4 32. Qc1 Bf7 33. Rd1 Qe5 34. Bf1 Ra7 35. Qb1 Rc7 36. Qb8 Nc6 37. Qa8 Qa5 38. Qxa5 Nxa5 39. Kg2 Nb3 40. Rd6 Nc5 41. h5 Rd7 42. Rc6 Nd3 43. h6+ Kxh6 44. Nxf5+ Kg5 45. Ne3 Ne1+ 46. Kg1 Nf3+ 47. Kg2 h5 48. Bb5 Rb7 49. Rc5+ Kf6 50. g4 Be6 51. gxh5 gxh5 52. Nd5+ Bxd5 53. Rxd5 Rg7+ 54. Kh3 Rg5 55. Rd6+ Ke5 56. Rd1 Kf4 57. Bc6 Rg4 58. Bd7 Rh4+ 59. Kg2 Rh2+ 60. Kf1 e3 61. fxe3+ Kxe3 62. Rd3+ Kxd3 63. Bg4 Ke3 64. Bxf3 Kxf3 0-1

[Event "MVP-ch Seniors op 19th"]
[Site "Ostseebad Binz"]
[Date "2019.12.01"]
[Round "5"]
[White "Oechslein, Rainer"]
[Black "Rubke, Manfred"]
[Result "1/2-1/2"]
[WhiteElo "2215"]
[BlackElo "2125"]
[PlyCount "38"]
[EventDate "2019.11.27"]
[EventType "swiss"]
[EventRounds "9"]
[EventCountry "GER"]
[SourceTitle "EXT 2021"]
[Source "ChessBase"]
[SourceDate "2020.10.23"]
[SourceVersion "1"]
[SourceVersionDate "2020.10.23"]
[SourceQuality "1"]

1. d4 Nf6 2. Nc3 d5 3. Bg5 e6 4. e4 dxe4 5. Nxe4 Be7 6. Bxf6 Bxf6 7. Nf3 0-0 8. c3 b6 9. Bd3 Bb7 10. Qe2 Nd7 11. 0-0-0 Qe7 12. Rhe1 Rfd8 13. Kb1 c5 14. Nxf6+ Nxf6 15. Bc2 Rac8 16. g3 cxd4 17. Rxd4 Rxd4 18. Nxd4 Qc5 19. f4 Bd5 1/2-1/2

[Event "MVP-ch Seniors op 19th"]
[Site "Ostseebad Binz"]
[Date "2019.11.28"]
[Round "2"]
[White "Strack Goertsches, Hans Juergen"]
[Black "Oechslein, Rainer"]
[Result "0-1"]
[WhiteElo "1943"]
[BlackElo "2215"]
[PlyCount "122"]
[EventDate "2019.11.27"]
[EventType "swiss"]
[EventRounds "9"]
[EventCountry "GER"]
[SourceTitle "EXT 2021"]
[Source "ChessBase"]
[SourceDate "2020.10.23"]
[SourceVersion "1"]
[SourceVersionDate "2020.10.23"]
[SourceQuality "1"]

1. e4 c5 2. c3 Nf6 3. d3 Nc6 4. f4 d6 5. Be2 g6 6. Nf3 Bg7 7. Nbd2 0-0 8. Nf1 b5 9. Ng3 Rb8 10. Bd2 a5 11. 0-0 Bd7 12. Qc2 Qb6 13. Rab1 b4 14. Qc1 a4 15. Nh4 Qa7 16. f5 a3 17. Kh1 axb2 18. Rxb2 bxc3 19. Bxc3 Rxb2 20. Qxb2 Rb8 21. Qd2 Qa3 22. Rc1 Nb4 23. Rb1 Ne8 24. Bxg7 Nxg7 25. Qb2 Ra8 26. d4 Qxb2 27. Rxb2 Rxa2 28. Rxa2 Nxa2 29. dxc5 dxc5 30. Bc4 Nb4 31. fxg6 e6 32. gxf7+ Kxf7 33. Nf3 Nc6 34. Kg1 Na5 35. Ne5+ Ke7 36. Ba2 Bb5 37. Kf2 Kf6 38. Ng4+ Kg5 39. Ne3 Kf4 40. Ne2+ Ke5 41. Bb1 h5 42. h4 Nb3 43. Nf1 Ne8 44. Nfg3 Nf6 45. Nc3 Ng4+ 46. Ke1 Be8 47. Bc2 Nd4 48. Bd1 Ne3 49. Kf2 Nxd1+ 50. Nxd1 Kf4 51. Ne3 Bg6 52. Nc4 Nc6 53. Nd2 Kg4 54. Nf3 c4 55. Ng5 e5 56. Nf3 c3 57. Ne2 Bxe4 58. Nxc3 Bxf3 59. gxf3+ Kxh4 60. Ne4 Kh3 61. Ng5+ Kh2 0-1

[Event "Bad Wiessee Senioren Cup 8th"]
[Site "Bad Wiessee"]
[Date "2019.05.13"]
[Round "3"]
[White "Pfitzer, Norbert"]
[Black "Oechslein, Rainer"]
[Result "0-1"]
[WhiteElo "2047"]
[BlackElo "2207"]
[PlyCount "52"]
[EventDate "2019.05.11"]
[EventType "swiss"]
[EventRounds "9"]
[EventCountry "GER"]
[SourceTitle "EXT 2020"]
[Source "ChessBase"]
[SourceDate "2019.10.17"]
[SourceVersion "1"]
[SourceVersionDate "2019.10.17"]
[SourceQuality "1"]

1. Nf3 c5 2. c4 g6 3. Nc3 Bg7 4. g3 Nc6 5. Bg2 e6 6. 0-0 Nge7 7. d3 0-0 8. Bg5 h6 9. Bf4 d6 10. h4 e5 11. Bd2 Be6 12. e4 f5 13. Nd5 Qd7 14. Qc1 Kh7 15. Rb1 fxe4 16. dxe4 Bg4 17. Nh2 Nd4 18. Kh1 Be2 19. Re1 Nxd5 20. cxd5 Bd3 21. Be3 Bxb1 22. Qxb1 Rf7 23. Qc1 Qa4 24. a3 Qc2 25. Bxd4 Qxc1 26. Rxc1 cxd4 0-1

[Event "MVP-ch Seniors op 18th"]
[Site "Ostseebad Binz"]
[Date "2018.12.01"]
[Round "4"]
[White "Willin, Bernhard"]
[Black "Oechslein, Rainer"]
[Result "0-1"]
[WhiteElo "1969"]
[BlackElo "2216"]
[PlyCount "60"]
[EventDate "2018.11.28"]
[EventType "swiss"]
[EventRounds "9"]
[EventCountry "GER"]
[SourceTitle "CBM 188 Extra"]
[Source "ChessBase"]
[SourceDate "2019.02.26"]
[SourceVersion "1"]
[SourceVersionDate "2019.02.26"]
[SourceQuality "1"]

1. d4 g6 2. e4 Bg7 3. Be3 d6 4. Be2 Nf6 5. f3 0-0 6. Qd2 c6 7. c3 e5 8. Bd1 Nbd7 9. Ne2 d5 10. exd5 Nxd5 11. Bf2 exd4 12. Bxd4 Ne5 13. Bb3 Bf5 14. 0-0 Re8 15. Na3 Be6 16. Rad1 Qe7 17. Ng3 Rad8 18. c4 Nb6 19. Qc3 Rxd4 20. Rxd4 Nxf3+ 21. Rxf3 c5 22. Qa5 Bxd4+ 23. Kh1 Bxb2 24. Nc2 Nxc4 25. Qxa7 Nd2 26. Re3 Nxb3 27. axb3 Rd8 28. Qa5 Rd1+ 29. Ne1 Bd4 30. Re2 Qf6 0-1

[Event "WchT Seniors 65"]
[Site "Dresden"]
[Date "2018.07.12"]
[Round "6.7"]
[White "Oechslein, Rainer"]
[Black "Singer, Hans"]
[Result "1/2-1/2"]
[WhiteElo "2228"]
[BlackElo "2175"]
[PlyCount "109"]
[EventDate "2018.07.07"]
[EventType "team-swiss"]
[EventRounds "9"]
[EventCountry "GER"]
[SourceTitle "CBM 185 Extra"]
[Source "ChessBase"]
[SourceDate "2018.07.29"]
[SourceVersion "1"]
[SourceVersionDate "2018.07.29"]
[SourceQuality "1"]
[WhiteTeam "Schwaebische Franken"]
[BlackTeam "Austria"]
[WhiteTeamCountry "GER"]
[BlackTeamCountry "AUT"]

1. d4 Nf6 2. Nc3 d5 3. Bg5 Bf5 4. f3 c6 5. Qd2 Nbd7 6. e3 h6 7. Bh4 Qb6 8. 0-0-0 e6 9. Bd3 Bxd3 10. Qxd3 0-0-0 11. e4 dxe4 12. fxe4 Ne5 13. Qe2 Rxd4 14. Rxd4 Qxd4 15. Nf3 Nxf3 16. gxf3 Ba3 17. Qd3 Bc5 18. Rd1 Rd8 19. Qxd4 Bxd4 20. Rd3 g5 21. Be1 Be5 22. Rxd8+ Kxd8 23. h4 g4 24. fxg4 Nxg4 25. Kd2 h5 26. Nd1 Ke7 27. Ke2 Bf6 28. b3 Bd4 29. c3 Be5 30. Nb2 f5 31. Kf3 Kf6 32. Nd3 Bd6 33. Nc1 Ne5+ 34. Ke3 Bc5+ 35. Kf4 Ng6+ 36. Kf3 Be7 37. Ne2 e5 38. exf5 Kxf5 39. Ng3+ Ke6 40. Nxh5 Bxh4 41. Bd2 Kd5 42. Be3 e4+ 43. Kg4 a6 44. Kf5 Ne7+ 45. Kg4 b5 46. Kxh4 Nf5+ 47. Kg5 Nxe3 48. Kf4 Ng2+ 49. Kg3 Ne1 50. Kf4 Nd3+ 51. Ke3 Nc1 52. Nf6+ Ke5 53. Nxe4 Nxa2 54. Nc5 Nxc3 55. Nxa6 1/2-1/2

[Event "Schleswig Holstein-ch Seniors op 11th"]
[Site "Buesum"]
[Date "2017.09.15"]
[Round "8"]
[White "Oechslein, Rainer"]
[Black "Limberg, Siegfried"]
[Result "1-0"]
[WhiteElo "2294"]
[BlackElo "2019"]
[PlyCount "83"]
[EventDate "2017.09.08"]
[EventType "swiss"]
[EventRounds "9"]
[EventCountry "GER"]
[SourceTitle "EXT 2019"]
[Source "ChessBase"]
[SourceDate "2018.10.10"]
[SourceVersion "1"]
[SourceVersionDate "2018.10.10"]
[SourceQuality "1"]

1. e4 c5 2. Nf3 e6 3. d4 cxd4 4. Nxd4 Nf6 5. Nc3 d6 6. g4 h6 7. Rg1 a6 8. Be3 Bd7 9. Qd2 Nc6 10. f3 Qc7 11. 0-0-0 Nxd4 12. Bxd4 Be7 13. Qf2 b5 14. Bd3 b4 15. Ne2 e5 16. Bb6 Qc6 17. Be3 a5 18. Kb1 a4 19. c4 Be6 20. Rc1 Nd7 21. Ng3 g6 22. Qd2 Nc5 23. Rgd1 Qb6 24. Nf1 Qa5 25. Qe1 Bg5 26. h4 Bxe3 27. Nxe3 Nb3 28. Rc2 Nd4 29. Rf2 0-0 30. g5 h5 31. Bf1 Rfb8 32. f4 Qa7 33. f5 Bd7 34. fxg6 fxg6 35. Rf6 Be8 36. Qf2 Bf7 37. c5 Kg7 38. Rxd6 Rf8 39. Qf6+ Kh7 40. Bc4 Bxc4 41. Qxg6+ Kh8 42. Qxh5+ 1-0

[Event "Schleswig Holstein-ch Seniors op 11th"]
[Site "Buesum"]
[Date "2017.09.13"]
[Round "6"]
[White "Oechslein, Rainer"]
[Black "Rahls, Peter"]
[Result "0-1"]
[WhiteElo "2294"]
[BlackElo "2151"]
[PlyCount "114"]
[EventDate "2017.09.08"]
[EventType "swiss"]
[EventRounds "9"]
[EventCountry "GER"]
[SourceTitle "EXT 2019"]
[Source "ChessBase"]
[SourceDate "2018.10.10"]
[SourceVersion "1"]
[SourceVersionDate "2018.10.10"]
[SourceQuality "1"]

1. e4 c5 2. Nf3 e6 3. d4 cxd4 4. Nxd4 Nf6 5. Nc3 Bb4 6. Ndb5 0-0 7. a3 Be7 8. Bf4 Ne8 9. Qd2 Nc6 10. 0-0-0 e5 11. Be3 a6 12. Nd5 axb5 13. Bxb5 Nd4 14. Bxd4 exd4 15. Qxd4 Nc7 16. Nxe7+ Qxe7 17. Bc4 b5 18. Bb3 Ra6 19. Rd2 Ne6 20. Bxe6 Qxe6 21. Kb1 Ra4 22. Qd5 Rxe4 23. Qxb5 Re1+ 24. Rd1 Rxh1 25. Rxh1 Ba6 26. Qa5 Re8 27. Rd1 Bb7 28. f3 Bc6 29. Qd2 h6 30. b3 Ra8 31. a4 Qe5 32. Qd6 Qa5 33. Qd2 Qb6 34. Qd4 Qb7 35. Kc1 d5 36. Re1 Bd7 37. Re3 Qc6 38. Qc3 Qd6 39. Qe5 Qa3+ 40. Qb2 Rxa4 41. Rd3 Qxb2+ 42. Kxb2 Ra5 43. c4 Kf8 44. Kc3 Be6 45. Kb4 dxc4 46. Rd2 Ra1 47. bxc4 Rb1+ 48. Kc5 Rc1 49. Rd4 Rc2 50. g4 Rxh2 51. Kd6 Ra2 52. c5 Ra8 53. Rb4 Rd8+ 54. Kc7 Ke7 55. c6 Rd3 56. f4 Bxg4 57. Re4+ Kf6 0-1

[Event "Schleswig Holstein-ch Seniors op 11th"]
[Site "Buesum"]
[Date "2017.09.08"]
[Round "1"]
[White "Nickel, Juergen"]
[Black "Oechslein, Rainer"]
[Result "0-1"]
[WhiteElo "1882"]
[BlackElo "2294"]
[PlyCount "82"]
[EventDate "2017.09.08"]
[EventType "swiss"]
[EventRounds "9"]
[EventCountry "GER"]
[SourceTitle "EXT 2019"]
[Source "ChessBase"]
[SourceDate "2018.10.10"]
[SourceVersion "1"]
[SourceVersionDate "2018.10.10"]
[SourceQuality "1"]

1. d4 d6 2. e3 g6 3. f4 Bg7 4. Nf3 Nd7 5. c3 Ngf6 6. Bd3 0-0 7. 0-0 Re8 8. e4 e5 9. fxe5 dxe5 10. d5 Nh5 11. c4 Nc5 12. Nc3 a5 13. Be3 Bf8 14. b3 Bd7 15. Bc2 b6 16. Kh1 Qe7 17. Qe1 Bg7 18. Rd1 Nb7 19. Qf2 Nf6 20. h3 Rad8 21. Nh2 Nh5 22. g4 Nf4 23. Bxf4 exf4 24. Ne2 g5 25. Ng1 Nd6 26. Rfe1 Bc3 27. Re2 f6 28. Qf3 Bb4 29. Qd3 Nf7 30. Ngf3 Ne5 31. Nxe5 fxe5 32. Qf3 Kg7 33. Nf1 Rh8 34. Nd2 h5 35. gxh5 Qf7 36. Rg1 Rxh5 37. Rh2 Rdh8 38. h4 Bxd2 39. Rxg5+ Rxg5 40. hxg5 Rxh2+ 41. Kxh2 Qg6 0-1